000 00708nam a22001337a 4500
040 _cRUA
082 _aAGR TE 2010 B044 Or.1
100 _aTE, KIMSOKHENG.
245 _aArthropod pests and natural enemies on cashew tree in suntuk district kompong thom province ប្រភេទសត្វល្អិតចង្រៃ និងសត្វល្អិតមានប្រយោជន៍លើដំណាំស្វាយចន្ទីនៅស្រុកសន្ទុក​ខេត្តកំពង់ធំ
260 _aPhnom Penh
_bRUA
_c2010
300 _axiii, 77p.
_bill.
_c29cm.
856 _uhttps://drive.google.com/file/d/1cApHOVXl-m2JCUjgWVSWkwXQ_wG4k-Cw/view?usp=sharing
942 _cAGR
999 _c1116
_d1116